Sports Quiz

Random Sports or Basketball Quiz

Negative Team Nicknames Quiz Stats

 Plays Quiz not verified by Sporcle

Challenge
Share
Tweet
Embed
Score 0/40 Timer 06:00
0 Plays Today
Nickname Team % Correct
MLBBoston Red Sox
94.3%
MLBHouston Astros
90.1%
MLBNew York Yankees
89.2%
MLBOakland Athletics
89.2%
MLBPhiladelphia Phillies
89%
MLBArizona Diamondbacks
88.1%
NBAPortland Trail Blazers
85.8%
NBALos Angeles Lakers
82.4%
NFLDallas Cowboys
81.6%
NBAUtah Jazz
81%
NFLIndianapolis Colts (Could possibly be used in reference to the San Diego Chargers since they are called 'the bolts' but I've never heard the nickname used in that manner)
80.2%
NBASacramento Kings
78.5%
NFLNew York Jets
77.1%
MLBNew York Mets
76.8%
NFLCincinnati Bengals
75.9%
MLBSan Francisco Giants or Washington Nationals
75.4%
NFLSan Francisco 49ers
74.8%
NFLTampa Bay Buccaneers
73.4%
NFLNew Orleans Saints
72.8%
NFLWashington Redskins
71.4%
Nickname Team % Correct
NBAOklahoma City Thunder
70.8%
NBANew York Knickerbockers
70.5%
NFLSeattle Seahawks
70.3%
NFLNew England Patriots
69.4%
MLBLos Angeles Dodgers
68.6%
NFLMinnesota Vikings
66.6%
NFLPittsburgh Steelers
66%
MLBChicago Cubs
65.7%
NFLOakland Raiders
64.6%
MLBColorado Rockies
64.3%
NFLPhiladelphia Eagles
62%
NBANew Jersey Nets
60.1%
NFLKansas City Chiefs
57.5%
NFLDenver Broncos
51.8%
NFLCleveland Browns
41.9%
MLBPittsburgh Pirates
39.9%
NFLBaltimore Ravens
39.9%
NFLSt. Louis Rams
36.3%
NFLTennessee Titans
27.5%
MLBTexas Rangers
20.1%

You're not logged in!

Compare scores with friends on all Sporcle quizzes.
OR
Log In

You Might Also Like...

Show Comments

Extras

Top Quizzes Today


Score Distribution

Your Account Isn't Verified!

In order to create a playlist on Sporcle, you need to verify the email address you used during registration. Go to your Sporcle Settings to finish the process.

Report this User

Report this user for behavior that violates our Community Guidelines.

Details: